[Event "NATO-ch 23nd"]
[Site "Brest"]
[Date "2012.10.02"]
[Round "3.27"]
[White "Berrak, Sedat"]
[Black "Musselman, Charles"]
[Result "0-1"]
[WhiteElo "2040"]
[BlackElo "1872"]
[PlyCount "92"]
[EventDate "2012.10.01"]
[EventType "swiss"]
[EventRounds "7"]
[EventCountry "FRA"]

1. c4 Nc6 2. d4 e5 3. d5 Nce7 4. Nc3 Ng6 5. Nf3 a6 6. g3 Bc5 7. Bg2 d6 8. O-O
N8e7 9. b4 Ba7 10. e4 O-O 11. Qd3 f5 12. Ng5 f4 13. Ne6 Bxe6 14. dxe6 Nc6 15.
Nd5 Nce7 16. Bb2 c6 17. Nxe7+ Qxe7 18. Bh3 Rad8 19. Rad1 fxg3 20. hxg3 Qg5 21.
Bc1 Qh5 22. Bg2 Bd4 23. Be3 c5 24. Bxd4 exd4 25. f4 Rf6 26. Qf3 Qh6 27. Qg4 Ne7
28. f5 Qe3+ 29. Rf2 g6 30. Bh3 Kh8 31. Qf4 Qc3 32. bxc5 dxc5 33. Qg5 d3 34. Bf1
gxf5 35. exf5 Rg8 36. Qh5 Rxg3+ 37. Kh1 Qd4 38. Rg2 Rxg2 39. Bxg2 Qe3 40. Qe8+
Ng8 41. Bd5 Rh6+ 42. Kg2 Qe2+ 43. Kg3 Qh2+ 44. Kf3 Rh3+ 45. Ke4 Qe2+ 46. Kf4
Qe3+ 0-1

[Event "NATO-ch 23nd"]
[Site "Brest"]
[Date "2012.10.02"]
[Round "3.28"]
[White "Aagaard, Gert"]
[Black "Bower, Scott"]
[Result "1-0"]
[WhiteElo "2030"]
[BlackElo "1786"]
[PlyCount "112"]
[EventDate "2012.10.01"]
[EventType "swiss"]
[EventRounds "7"]
[EventCountry "FRA"]

1. d4 e6 2. Nf3 Nf6 3. c4 Bb4+ 4. Bd2 Bxd2+ 5. Qxd2 d6 6. Nc3 Nc6 7. O-O-O Bd7
8. e4 e5 9. h3 O-O 10. g4 Nxd4 11. Nxd4 exd4 12. Qxd4 Bc6 13. Bd3 a6 14. f3 Nd7
15. h4 Qf6 16. Qe3 Nc5 17. g5 Qe5 18. f4 Nxd3+ 19. Rxd3 Qa5 20. Rhd1 b5 21. h5
bxc4 22. Rd5 Bxd5 23. Nxd5 Kh8 24. h6 f6 25. hxg7+ Kxg7 26. gxf6+ Kh8 27. f7 c5
28. e5 Rxf7 29. exd6 Qxa2 30. Qe5+ Rg7 31. Ne7 Qa1+ 32. Kd2 Qa4 33. Ng6+ hxg6
34. Rh1+ Kg8 35. Qd5+ Rf7 36. Qxa8+ Rf8 37. Qd5+ Rf7 38. Qe5 c3+ 39. Kxc3 Qd4+
40. Qxd4 cxd4+ 41. Kxd4 Rxf4+ 42. Kc5 Rf2 43. Rd1 Rc2+ 44. Kd5 Kf7 45. b4 Ke8
46. Ra1 Kd7 47. Rxa6 Rd2+ 48. Kc5 Rc2+ 49. Kb6 Rb2 50. b5 g5 51. Ra4 Rd2 52.
Ka7 Rxd6 53. b6 Kc6 54. b7 Rd7 55. Rc4+ Kb5 56. Rc2 Rd1 1-0

[Event "NATO-ch 23nd"]
[Site "Brest"]
[Date "2012.10.02"]
[Round "3.29"]
[White "Stuhr, Finn"]
[Black "Kruit, Erik"]
[Result "0-1"]
[WhiteElo "1653"]
[BlackElo "1994"]
[PlyCount "76"]
[EventDate "2012.10.01"]
[EventType "swiss"]
[EventRounds "7"]
[EventCountry "FRA"]

1. e4 c5 2. b3 e6 3. Bb2 Nc6 4. f4 d5 5. e5 d4 6. Nf3 Nge7 7. d3 Nd5 8. Bc1 Be7
9. g3 O-O 10. Bd2 f6 11. Qe2 fxe5 12. Nxe5 Nxe5 13. Qxe5 Bf6 14. Qh5 a5 15. Bg2
g6 16. Qe2 Ra6 17. O-O e5 18. fxe5 Bxe5 19. Rxf8+ Kxf8 20. Qxe5 Nf6 21. Qxc5+
Kg7 22. Bf4 Re6 23. Nd2 Re2 24. Ne4 Ng4 25. h3 b6 26. Qg5 Qxg5 27. Bxg5 Ne3 28.
Bf3 Rxc2 29. Bf6+ Kh6 30. g4 g5 31. Bxd4 Nd5 32. Nxg5 Nf4 33. Nf7+ Kg6 34. Ne5+
Kf6 35. Be4 Ne2+ 36. Kf2 Nxd4+ 37. Ke3 Kxe5 38. Rf1 Re2# 0-1

[Event "NATO-ch 23nd"]
[Site "Brest"]
[Date "2012.10.02"]
[Round "3.30"]
[White "De Cat, Ben"]
[Black "Tucker, David S"]
[Result "0-1"]
[WhiteElo "1911"]
[BlackElo "2117"]
[PlyCount "98"]
[EventDate "2012.10.01"]
[EventType "swiss"]
[EventRounds "7"]
[EventCountry "FRA"]

1. d4 Nf6 2. Nc3 d5 3. f3 c6 4. e4 dxe4 5. fxe4 e5 6. Nf3 exd4 7. e5 dxc3 8.
Qxd8+ Kxd8 9. exf6 Bb4 10. b3 gxf6 11. Be3 Be6 12. a3 Ba5 13. Bd4 Nd7 14. O-O-O
Ke7 15. b4 Bb6 16. Bxc3 a5 17. Bd3 axb4 18. axb4 Ra3 19. Bb2 Be3+ 20. Kb1 Ra4
21. Rhe1 Bf4 22. g3 Be5 23. c3 h5 24. Bc2 Raa8 25. Nh4 Nb6 26. Nf5+ Kf8 27. Nd6
Nd5 28. Ne4 h4 29. Rd3 hxg3 30. hxg3 Rh3 31. Ng5 Rxg3 32. Nxe6+ fxe6 33. Rxg3
Bxg3 34. Rxe6 Be5 35. c4 Nc7 36. Rxe5 fxe5 37. Bxe5 Ne6 38. Kb2 Ke7 39. Kb3 Kd7
40. Bf5 Rf8 41. Bxe6+ Kxe6 42. Bc7 Kd7 43. Bb6 Rf3+ 44. Ka4 Ke6 45. Bc7 Rc3 46.
c5 Kd5 47. Bd6 Kc4 48. Bc7 Rb3 49. Ba5 Rb1 0-1

[Event "NATO-ch 23nd"]
[Site "Brest"]
[Date "2012.10.02"]
[Round "3.31"]
[White "Geerts, Luc"]
[Black "Nielsen, Rene O"]
[Result "0-1"]
[WhiteElo "1596"]
[BlackElo "2150"]
[PlyCount "106"]
[EventDate "2012.10.01"]
[EventType "swiss"]
[EventRounds "7"]
[EventCountry "FRA"]

1. d4 Nf6 2. Nf3 e6 3. c4 Bb4+ 4. Bd2 Qe7 5. a3 Bxd2+ 6. Nbxd2 d6 7. e4 e5 8.
d5 O-O 9. Be2 h6 10. O-O Nh7 11. Qb3 Nd7 12. Qe3 f5 13. exf5 Rxf5 14. Nd4 Rf7
15. Ne6 Ndf6 16. f4 Bxe6 17. dxe6 Qxe6 18. f5 Qd7 19. Rad1 Qc6 20. b4 Re7 21.
Nf3 Ng4 22. Qb3 Qe4 23. c5+ d5 24. Qxd5+ Qxd5 25. Rxd5 Ne3 26. Rxe5 Rxe5 27.
Nxe5 Nxf1 28. Bc4+ Kf8 29. Kxf1 Rd8 30. Ke2 Ng5 31. Ke3 Rd1 32. h4 Nh7 33. b5
Ra1 34. b6 Rxa3+ 35. Kd4 cxb6 36. cxb6 axb6 37. Nd7+ Ke7 38. Nxb6 Nf6 39. Nc8+
Kd8 40. Nd6 b6 41. Bb5 Rg3 42. Bf1 Rg4+ 43. Ke5 Rxh4 44. Be2 Rh1 45. Bf3 Kd7
46. Nb5 Rc1 47. Nd4 Re1+ 48. Kf4 Kd6 49. Ne6 Rxe6 50. fxe6 Kxe6 51. g4 g5+ 52.
Ke3 Ke5 53. Be2 Nd5+ 0-1

[Event "NATO-ch 23nd"]
[Site "Brest"]
[Date "2012.10.02"]
[Round "3.32"]
[White "Portman, Carl"]
[Black "Kocur, Marc"]
[Result "1-0"]
[WhiteElo "1994"]
[BlackElo "1891"]
[PlyCount "91"]
[EventDate "2012.10.01"]
[EventType "swiss"]
[EventRounds "7"]
[EventCountry "FRA"]

1. Nf3 Nc6 2. d4 d5 3. Bf4 Bg4 4. Nbd2 e6 5. e3 Bd6 6. Bxd6 cxd6 7. c3 Nge7 8.
Qb3 O-O 9. h3 Bh5 10. Bd3 Na5 11. Qc2 Bg6 12. Bxg6 hxg6 13. O-O Qc7 14. Rac1
Rfc8 15. Ng5 b5 16. h4 Qd7 17. b3 Rc7 18. Qb2 Nac6 19. b4 a5 20. a3 Rca7 21.
Ra1 Nc8 22. Rfb1 axb4 23. axb4 Nb6 24. Rxa7 Rxa7 25. Ra1 Na4 26. Qc2 Ne7 27.
Ra3 Rc7 28. Nb1 Qc8 29. Qd3 Rc4 30. Nf3 Nf5 31. Nfd2 Rc7 32. Qxb5 Nxc3 33. Nxc3
Rxc3 34. Rxc3 Qxc3 35. Qe8+ Kh7 36. Nf3 Nxh4 37. Nxh4 Qe1+ 38. Kh2 Qxf2 39. Nf3
Qxe3 40. Qxf7 Qh6+ 41. Kg3 e5 42. dxe5 dxe5 43. Nxe5 Qe3+ 44. Nf3 d4 45. Qf4
Kg8 46. Qxe3 1-0

[Event "NATO-ch 23nd"]
[Site "Brest"]
[Date "2012.10.02"]
[Round "3.33"]
[White "Van den Heuvel, Tonnie"]
[Black "Bellemare, Regis"]
[Result "1-0"]
[WhiteElo "1874"]
[BlackElo "1764"]
[PlyCount "79"]
[EventDate "2012.10.01"]
[EventType "swiss"]
[EventRounds "7"]
[EventCountry "FRA"]

1. c4 Nf6 2. g3 d5 3. Bg2 dxc4 4. Qa4+ Bd7 5. Qxc4 Nc6 6. e3 e5 7. a3 Rb8 8. b4
a6 9. Ne2 Ne7 10. Qc2 Bf5 11. e4 Bg4 12. f3 Be6 13. Bb2 Nc6 14. O-O Qd7 15. Rd1
Rd8 16. d4 exd4 17. Nxd4 Nxd4 18. Rxd4 Qc8 19. Rxd8+ Qxd8 20. Nc3 Be7 21. Na4
b6 22. Rc1 Qd7 23. Rd1 Qc8 24. Be5 Bd8 25. Rc1 Qd7 26. Bxc7 Bxc7 27. Qxc7 O-O
28. Nxb6 Qd4+ 29. Kh1 Rd8 30. Nd5 Rf8 31. Qc5 Qb2 32. Ne7+ Kh8 33. Ng6+ hxg6
34. Qxf8+ Kh7 35. Qc5 Qxa3 36. Qc3 Qa2 37. Kg1 Nh5 38. Ra1 Qe2 39. Bf1 Nxg3 40.
hxg3 1-0

[Event "NATO-ch 23nd"]
[Site "Brest"]
[Date "2012.10.02"]
[Round "3.34"]
[White "Langer, Herb"]
[Black "Nielsen, Henrik"]
[Result "0-1"]
[WhiteElo "1773"]
[BlackElo "2037"]
[PlyCount "80"]
[EventDate "2012.10.01"]
[EventType "swiss"]
[EventRounds "7"]
[EventCountry "FRA"]

1. d4 Nf6 2. e3 g6 3. c4 d5 4. Nc3 Bg7 5. Nf3 O-O 6. cxd5 Nxd5 7. Bc4 Nxc3 8.
bxc3 c5 9. O-O Qa5 10. Qb3 Nc6 11. Bd2 Qc7 12. Be2 Bf5 13. Rac1 Rac8 14. d5 Ne5
15. Nxe5 Bxe5 16. f4 Bg7 17. c4 Rfd8 18. Bf3 b6 19. e4 Bd7 20. e5 h5 21. Rce1
Rb8 22. Qc2 Bf5 23. Be4 Qc8 24. h3 b5 25. cxb5 Rxb5 26. Rb1 a6 27. Rb3 c4 28.
Rxb5 axb5 29. Bb4 Bxe4 30. Qxe4 Qb7 31. Rd1 e6 32. Bd6 exd5 33. Qxd5 Qa7+ 34.
Kh2 Qxa2 35. Qxb5 Bh6 36. Kg3 Qe2 37. Qd5 h4+ 38. Kxh4 Bxf4 39. Qf3 Qxf3 40.
gxf3 Bxe5 0-1

[Event "NATO-ch 23nd"]
[Site "Brest"]
[Date "2012.10.02"]
[Round "3.35"]
[White "Rosseel, Kimball"]
[Black "Csizmadia, Csaba"]
[Result "1/2-1/2"]
[WhiteElo "1786"]
[BlackElo "1913"]
[PlyCount "47"]
[EventDate "2012.10.01"]
[EventType "swiss"]
[EventRounds "7"]
[EventCountry "FRA"]

1. d4 Nf6 2. Nf3 b6 3. e3 Bb7 4. Bd3 g6 5. O-O Bg7 6. Nbd2 d5 7. b3 O-O 8. Bb2
Ne4 9. Rc1 e6 10. c4 Nd7 11. cxd5 exd5 12. Qc2 Nxd2 13. Nxd2 Rc8 14. b4 a6 15.
a3 f5 16. Qb3 Kh8 17. f4 Re8 18. Rce1 Nf6 19. Nf3 Qe7 20. h3 Ne4 21. Bxe4 dxe4
22. Ne5 Qe6 23. Qxe6 Rxe6 24. Rc1 1/2-1/2

[Event "NATO-ch 23nd"]
[Site "Brest"]
[Date "2012.10.02"]
[Round "3.36"]
[White "Dekker, Ard"]
[Black "Ulusoy, Mustafa"]
[Result "1/2-1/2"]
[WhiteElo "1866"]
[BlackElo "1707"]
[PlyCount "41"]
[EventDate "2012.10.01"]
[EventType "swiss"]
[EventRounds "7"]
[EventCountry "FRA"]

1. b3 d5 2. Bb2 c6 3. e3 Bf5 4. f4 h6 5. Nf3 e6 6. Be2 Nd7 7. O-O Ngf6 8. Nc3
Be7 9. a4 a5 10. Rc1 O-O 11. Qe1 Ne8 12. d4 Nef6 13. Nd1 Ne4 14. Nf2 Nxf2 15.
Rxf2 Nf6 16. Rf1 Ng4 17. Qd2 c5 18. Bd3 Bxd3 19. Qxd3 cxd4 20. Bxd4 Rc8 21.
Rce1 1/2-1/2

[Event "NATO-ch 23nd"]
[Site "Brest"]
[Date "2012.10.02"]
[Round "3.37"]
[White "Vercauteren, Daniel"]
[Black "Ross, David C"]
[Result "1/2-1/2"]
[WhiteElo "1642"]
[BlackElo "1810"]
[PlyCount "37"]
[EventDate "2012.10.01"]
[EventRounds "7"]
[EventCountry "FRA"]

1. Nc3 e5 2. Nf3 Nc6 3. d4 exd4 4. Nxd4 Nxd4 5. Qxd4 c6 6. e4 Qf6 7. Be3 b6 8.
Be2 Bc5 9. Qxf6 Nxf6 10. Bxc5 bxc5 11. e5 Nd5 12. Ne4 Rb8 13. b3 O-O 14. Nd6
Nc3 15. Bc4 Nb5 16. O-O Nc7 17. Rad1 Ba6 18. Rd2 Bxc4 19. Nxc4 1/2-1/2

[Event "NATO-ch 23nd"]
[Site "Brest"]
[Date "2012.10.02"]
[Round "3.38"]
[White "Cohnen, Michael"]
[Black "Echavarria Hidalgo, Fernando"]
[Result "1-0"]
[WhiteElo "1809"]
[BlackElo "1774"]
[PlyCount "68"]
[EventDate "2012.10.01"]
[EventType "swiss"]
[EventRounds "7"]
[EventCountry "FRA"]

1. d4 Nf6 2. c4 e6 3. Nc3 d5 4. cxd5 exd5 5. Bg5 c6 6. Qc2 Be7 7. e3 Be6 8. Bd3
Nbd7 9. Nf3 h6 10. Bh4 Bg4 11. O-O Bxf3 12. gxf3 g5 13. Bg3 h5 14. h3 Nf8 15.
Rfe1 Bd6 16. Bxd6 Qxd6 17. e4 dxe4 18. Nxe4 Nxe4 19. Bxe4 O-O-O 20. d5 c5 21.
b4 b6 22. bxc5 Qxc5 23. Qb2 Qd6 24. Qxh8 h4 25. Rac1+ Kb8 26. Rc6 Qe7 27. Qd4
Nd7 28. d6 Qe6 29. Qd5 Qxd5 30. Bxd5 f6 31. Rc7 Nc5 32. Rb1 Rxd6 33. Rxc5 a6
34. Be4 b5 1-0

[Event "NATO-ch 23nd"]
[Site "Brest"]
[Date "2012.10.02"]
[Round "3.39"]
[White "Langelier, Frederic"]
[Black "Giedraitis, Mingaudas"]
[Result "0-1"]
[WhiteElo "1281"]
[BlackElo "1800"]
[PlyCount "92"]
[EventDate "2012.10.01"]
[EventType "swiss"]
[EventRounds "7"]
[EventCountry "FRA"]

1. c4 Nf6 2. Nc3 e6 3. d4 Bb4 4. g3 O-O 5. Bg2 d5 6. Nf3 c6 7. O-O dxc4 8. a3
Ba5 9. Ng5 h6 10. Nge4 Nd5 11. Bd2 Nd7 12. b4 cxb3 13. Qxb3 Nxc3 14. Bxc3 Bxc3
15. Qxc3 Qc7 16. Rad1 Nb6 17. Nc5 Nd5 18. Bxd5 cxd5 19. Qf3 b6 20. Nd3 Ba6 21.
Rc1 Bc4 22. Nf4 b5 23. Nh5 Qe7 24. h4 g6 25. Nf6+ Kg7 26. Nh5+ gxh5 27. Qxh5
Qf6 28. Rc3 Qxd4 29. Rf3 Bxe2 30. Rf4 Qxf4 31. Qxe2 Qc4 32. Qe5+ Kh7 33. Re1
Qg4 34. Qf6 Qg7 35. Qf4 d4 36. Qe4+ f5 37. Qxe6 Rae8 38. Qxe8 Rxe8 39. Rxe8 d3
40. Rd8 Qb2 41. Rd7+ Kg6 42. Rxd3 Qb1+ 43. Kh2 Qxd3 44. Kh3 Qf3 45. h5+ Kg5 46.
a4 Qh1# 0-1

[Event "NATO-ch 23nd"]
[Site "Brest"]
[Date "2012.10.02"]
[Round "3.40"]
[White "Chwieseni, Edward"]
[Black "Ghiacy, Jelani"]
[Result "0-1"]
[WhiteElo "1794"]
[BlackElo "1193"]
[PlyCount "90"]
[EventDate "2012.10.01"]
[EventType "swiss"]
[EventRounds "7"]
[EventCountry "FRA"]

1. e4 e5 2. Nf3 d6 3. Bc4 h6 4. b3 Nf6 5. Nc3 a6 6. d4 exd4 7. Qxd4 Nc6 8. Qd2
b5 9. Bd5 Bd7 10. O-O Rb8 11. Re1 Ne5 12. Nxe5 dxe5 13. f4 Bc5+ 14. Kh1 Bd4 15.
fxe5 Bxe5 16. b4 O-O 17. Rb1 Qe7 18. Nd1 Rbd8 19. Nf2 Ng4 20. h3 Qh4 21. Nxg4
Bxg4 22. Bb2 Bxb2 23. Rxb2 c6 24. Kg1 Bc8 25. Rb3 cxd5 26. exd5 Rd6 27. Rbe3
Qd8 28. Re5 Bb7 29. Rd1 Qd7 30. a4 Rd8 31. axb5 axb5 32. Qe3 Bxd5 33. Re7 Qc6
34. Qf2 Bc4 35. Rde1 Rg6 36. g4 Qd6 37. R7e5 Rf6 38. Qc5 Qxc5+ 39. bxc5 Rc6 40.
Re8+ Rxe8 41. Rxe8+ Kh7 42. Re5 f6 43. Rf5 Kg8 44. Kf2 g6 45. Rf4 Kf7 0-1